Novísima Recopilación sobre arrendamientos urbanos / (Record no. 146377)

MARC details
000 -LEADER
campo de control de longitud fija 00546nam a2200157 i 4500
001 - NÚMERO DE CONTROL
campo de control 146377
003 - IDENTIFICADOR DE NÚMERO DE CONTROL
campo de control ES-MaACL
007 - CAMPO FIJO DE DESCRIPCIÓN FÍSICA--INFORMACIÓN GENERAL
campo de control de longitud fija t|
008 - DATOS DE LONGITUD FIJA--INFORMACIÓN GENERAL
campo de control de longitud fija 070907s1940 sp ||||1| spa d
100 1# - ENTRADA PRINCIPAL--NOMBRE DE PERSONA
Nombre de persona Tribaldos y Tribaldos, Clemente.
9 (RLIN) 111388
245 10 - MENCIÓN DEL TÍTULO
Título Novísima Recopilación sobre arrendamientos urbanos /
Mención de responsabilidad, etc. por Clemente Tribaldos y Tribaldos ; prólogo de Leopoldo Huidobro Pardo.
260 ## - PUBLICACIÓN, DISTRIBUCIÓN, ETC.
Lugar de publicación, distribución, etc. Madrid :
Nombre del editor, distribuidor, etc. Editorial Reus,
Fecha de publicación, distribución, etc. 1940.
300 ## - DESCRIPCIÓN FÍSICA
Extensión 286 p. ;
Dimensiones 23 cm.
700 1# - ENTRADA AGREGADA--NOMBRE PERSONAL
Nombre de persona Huidobro Pardo, Leopoldo.
9 (RLIN) 64676
852 ## - LOCALIZACIÓN
Ubicación ES-MaACL
Número de control de estantería B-9214
Sublocalización o colección R.18798
Holdings
Estatus retirado Estado de pérdida Estado de daño No para préstamo Biblioteca de origen Biblioteca actual Ubicación en estantería Fecha de adquisición Fuente de adquisición Total de préstamos Signatura topográfica completa Código de barras Visto por última vez Precio de reemplazo Tipo de ítem Koha
        Biblioteca del Ateneo de Madrid Biblioteca del Ateneo de Madrid Sala Pardo Bazán 17/01/2008     B-9214 1152779 23/02/2023 23/02/2023 Libro impreso